فهرست مخطوطات اردو :faharasat makhtutat urdu (Record no. 82977)
[ view plain ]
| 000 -LEADER | |
|---|---|
| fixed length control field | 00974nam a2200241 a 4500 |
| 001 - CONTROL NUMBER | |
| control field | 82977 |
| 003 - CONTROL NUMBER IDENTIFIER | |
| rucl marc code | BD-RjUL |
| 005 - DATE AND TIME OF LATEST TRANSACTION | |
| control field | 20240206145259.0 |
| 008 - FIXED-LENGTH DATA ELEMENTS--GENERAL INFORMATION | |
| fixed length control field | 240206s1962 ii 000 0 ara d |
| 035 ## - SYSTEM CONTROL NUMBER | |
| System control number | (BD-RjUL)82977 |
| 040 ## - CATALOGING SOURCE | |
| Original cataloging agency | NNL |
| Language of cataloging | ara |
| Transcribing agency | BD-RjUL |
| 041 ## - LANGUAGE CODE | |
| Language code of text/sound track or separate title | ara |
| 082 ## - DEWEY DECIMAL CLASSIFICATION NUMBER | |
| Edition number | 23 |
| Classification number | 025.3412 |
| Author mark and year | BAF 1962 |
| 110 1# - MAIN ENTRY--CORPORATE NAME | |
| Corporate name or jurisdiction name as entry element | بانكىپور. |
| Subordinate unit | اورينتل پبلك لائبررى |
| 9 (RLIN) | 11503 |
| 245 10 - TITLE STATEMENT | |
| Title | فهرست مخطوطات اردو :faharasat makhtutat urdu |
| Remainder of title | خدا بخش اورينتل پبلك لائبريرى بانكىپور پتنه /Khoda Bakhsh, Oriental Public Library, Bankpur, Patna / |
| Statement of responsibility, etc. | مرتبۀ عابد امام زيدى. .Abid Imam Zaidi |
| 260 ## - PUBLICATION, DISTRIBUTION, ETC. (IMPRINT) | |
| Place of publication, distribution, etc. | كلكته : |
| Name of publisher, distributor, etc. | بيپتست ميشن پريس،Baptist Mission Press, |
| Date of publication, distribution, etc. | ١٩٦٢ع.1962 |
| 300 ## - PHYSICAL DESCRIPTION | |
| Pagination | V. ; |
| 500 ## - GENERAL NOTE | |
| General note | غير كامل. |
| 505 ## - FORMATTED CONTENTS NOTE | |
| Formatted contents note | الجزء ١ |
| 650 #4 - SUBJECT ADDED ENTRY--TOPICAL TERM | |
| Topical term or geographic name as entry element | Manuscripts, Urdu |
| Form subdivision | Catalogs |
| 9 (RLIN) | 11504 |
| 700 1# - ADDED ENTRY--PERSONAL NAME | |
| Personal name | زيدى، عابد امام |
| 942 ## - ADDED ENTRY ELEMENTS (KOHA) | |
| Source of classification or shelving scheme | Dewey Decimal Classification |
| Koha item type | Books |
| Lost status | Source of classification or shelving scheme | Damaged status | Not for loan | Collection code | Permanent Location | Current Location | Shelving location | Date acquired | Source of acquisition | Full call number | Date last seen | Copy number | Koha item type |
|---|---|---|---|---|---|---|---|---|---|---|---|---|---|
| Dewey Decimal Classification | Not For Loan | Non-fiction | Central Library, University of Rajshahi | Central Library, University of Rajshahi | Reading Room | 28/12/1978 | Khuda baksh ori, patna | U 025.3412 BAF V-1 1962 | 06/02/2024 | C-1 | Books |